South Eastern Kenya University

Library Online Public Access Catalogue


Issues in provision of care, treatment, and services for behavioral health care. (Record no. 14109)

MARC details
000 -LEADER
fixed length control field 00405cam a22001334a 4500
020 ## - ISBN
International Standard Book Number 0866888616
050 00 - LIBRARY OF CONGRESS CALL NUMBER
Classification Number RA790.6
Item Number .I85 2004
245 00 - TITLE
Title Issues in provision of care, treatment, and services for behavioral health care.
260 ## - PUBLICATION, DISTRIBUTION, ETC.(IMPRINT)
Place of publication, distribution, etc Oakbrook Terrace, Il. :
Name of publisher, distributor, etc Joint Commission Resources,
Date of publication, distribution, etc c2004.
300 ## - PHYSICAL DESCRIPTION
Extent ix, 133 p. :
650 #0 - SUBJECT--TOPIC
General subdivision Standards.
650 #0 - SUBJECT--TOPIC
General subdivision Quality control.
942 ## - ADDED ENTRY ELEMENTS(KOHA)
Source of classification or shelving scheme Library of Congress Classification
Koha item type General circulation
Holdings
Source of classification or shelving scheme Not for loan Location (home branch) Sublocation (holding branch) Shelving location Date accessioned Full call number Barcode Nonpublic note Koha item type
Library of Congress Classification   Main Campus Library Main Campus Library   17/05/2016 RA790.6 .I85 2004 2016/018015 amm General circulation
Kitui, Kenya.
+254736116989
library@seku.ac.ke